header

Senseless panic (Record no. 78131)

MARC details
000 -LEADER
fixed length control field 01862nam a2200385 a 4500
082 04 - DEWEY DECIMAL CLASSIFICATION NUMBER
Classification number 332.10973
100 1# - MAIN ENTRY--AUTHOR NAME
Personal name Isaac, William M.,
245 10 - TITLE STATEMENT
Title Senseless panic
260 ## - PUBLICATION, DISTRIBUTION, ETC. (IMPRINT)
Place of publication Hoboken, N.J. :
Name of publisher Wiley,
Year of publication 2010.
300 ## - PHYSICAL DESCRIPTION
Number of Pages xviii, 218 p.
500 ## - GENERAL NOTE
General note Includes index.
505 0# - FORMATTED CONTENTS NOTE
Formatted contents note Home alone -- The early years (1978-81) -- The savings bank and S&L crises -- Penn square fails -- The butcher empire collapses -- Deposit insurance reform/ tackling Wall Street -- Continental Illinois topless -- Preparing to leave -- Lessons learned -- Policy mistakes : 1989 through 2007 -- The subprime mortgage crisis -- SEC and FASB blunders -- Schizophrenic failure resolution -- The $700 billion bailout -- Never again.
650 #0 - SUBJECT ADDED ENTRY--TOPICAL TERM
Topical Term Savings and loan association failures
Topical Term Savings and Loan Bailout, 1989-1995.
Topical Term Global Financial Crisis, 2008-2009.
Topical Term Bank failures
700 1# - ADDED ENTRY--PERSONAL NAME
Personal name Meyer, Philip C.
856 40 - ELECTRONIC LOCATION AND ACCESS
Uniform Resource Identifier http://site.ebrary.com/lib/rucke/Doc?id=10575470

No items available.

© 2026 Rongo University
Contact us: librarian | system librarian | Rongo university